Radar and ARPA manual / (Record no. 27477)

000 -LEADER
fixed length control field 02794cam a2200541 a 4500
001 - CONTROL NUMBER
control field ocn556347515
003 - CONTROL NUMBER IDENTIFIER
control field OCoLC
005 - DATE AND TIME OF LATEST TRANSACTION
control field 20240801181425.0
006 - FIXED-LENGTH DATA ELEMENTS--ADDITIONAL MATERIAL CHARACTERISTICS
fixed length control field m o d
007 - PHYSICAL DESCRIPTION FIXED FIELD--GENERAL INFORMATION
fixed length control field cr bn||||||abp
fixed length control field cr bn||||||ada
008 - FIXED-LENGTH DATA ELEMENTS--GENERAL INFORMATION
fixed length control field 100315s1990 enka o 001 0 eng d
020 ## - INTERNATIONAL STANDARD BOOK NUMBER
International Standard Book Number 9781483102221
Qualifying information (electronic bk.)
International Standard Book Number 148310222X
Qualifying information (electronic bk.)
Canceled/invalid ISBN 0434901180
Canceled/invalid ISBN 9780434901180
035 ## - SYSTEM CONTROL NUMBER
System control number (OCoLC)556347515
Canceled/invalid control number (OCoLC)646713980
-- (OCoLC)896842625
-- (OCoLC)931997144
-- (OCoLC)974274530
-- (OCoLC)974619385
-- (OCoLC)974670778
-- (OCoLC)1004383026
-- (OCoLC)1005803040
-- (OCoLC)1008949997
-- (OCoLC)1044406230
-- (OCoLC)1056504332
-- (OCoLC)1066434334
-- (OCoLC)1075345013
-- (OCoLC)1100851543
-- (OCoLC)1103546730
-- (OCoLC)1153527844
-- (OCoLC)1224915519
-- (OCoLC)1240536473
-- (OCoLC)1297849003
-- (OCoLC)1298250770
040 ## - CATALOGING SOURCE
Original cataloging agency OCLCE
Language of cataloging eng
Description conventions pn
Transcribing agency OCLCE
Modifying agency OCLCQ
-- UIU
-- OCLCF
-- N$T
-- E7B
-- YDXCP
-- UMI
-- OCLCQ
-- COO
-- DEBBG
-- VT2
-- CEF
-- WYU
-- UKAHL
-- UAB
-- LUN
-- OCLCQ
-- OCLCO
-- S2H
-- OCLCO
-- OCLCQ
-- OCLCO
-- OCLCL
042 ## - AUTHENTICATION CODE
Authentication code dlr
050 #4 - LIBRARY OF CONGRESS CALL NUMBER
Classification number VK560
Item number .B55 1990
072 #7 - SUBJECT CATEGORY CODE
Subject category code TEC
Subject category code subdivision 025000
Source bisacsh
082 04 - DEWEY DECIMAL CLASSIFICATION NUMBER
Classification number 623.89/33
Edition number 20
084 ## - OTHER CLASSIFICATION NUMBER
Classification number 55.40
Number source bcl
100 1# - MAIN ENTRY--PERSONAL NAME
Personal name Bole, A. G.
Fuller form of name (Alan G.)
Real World Object URI https://id.oclc.org/worldcat/entity/E39PCjKm3whd4myR34CyV3kTRC
245 10 - TITLE STATEMENT
Title Radar and ARPA manual /
Statement of responsibility, etc. A.G. Bole, W.O. Dineley.
260 ## - PUBLICATION, DISTRIBUTION, ETC.
Place of publication, distribution, etc. Oxford :
Name of publisher, distributor, etc. Heinemann Newnes,
Date of publication, distribution, etc. 1990.
300 ## - PHYSICAL DESCRIPTION
Extent 1 online resource (xi, 416 pages) :
Other physical details illustrations
336 ## - CONTENT TYPE
Content type term text
Content type code txt
Source rdacontent
337 ## - MEDIA TYPE
Media type term computer
Media type code c
Source rdamedia
338 ## - CARRIER TYPE
Carrier type term online resource
Carrier type code cr
Source rdacarrier
506 ## - RESTRICTIONS ON ACCESS NOTE
Materials specified Use copy
Standardized terminology for access restriction Restrictions unspecified
Institution to which field applies MiAaHDL
Source of term star
533 ## - REPRODUCTION NOTE
Type of reproduction Electronic reproduction.
Place of reproduction [Place of publication not identified] :
Agency responsible for reproduction HathiTrust Digital Library,
Date of reproduction 2010.
Institution to which field applies MiAaHDL
538 ## - SYSTEM DETAILS NOTE
System details note Master and use copy. Digital master created according to Benchmark for Faithful Digital Reproductions of Monographs and Serials, Version 1. Digital Library Federation, December 2002.
Uniform Resource Identifier <a href="http://purl.oclc.org/DLF/benchrepro0212">http://purl.oclc.org/DLF/benchrepro0212</a>
Institution to which field applies MiAaHDL
583 1# - ACTION NOTE
Action digitized
Time/date of action 2010
Jurisdiction HathiTrust Digital Library
Status committed to preserve
Institution to which field applies MiAaHDL
Source of term pda
588 0# - SOURCE OF DESCRIPTION NOTE
Source of description note Print version record.
650 #0 - SUBJECT ADDED ENTRY--TOPICAL TERM
Topical term or geographic name entry element Radar in navigation.
Topical term or geographic name entry element Radar en navigation.
Authority record control number or standard number (CaQQLa)201-0037263
Topical term or geographic name entry element TECHNOLOGY & ENGINEERING
General subdivision Military Science.
Source of heading or term bisacsh
Topical term or geographic name entry element Radar in navigation
Source of heading or term fast
Authority record control number or standard number (OCoLC)fst01086787
Topical term or geographic name entry element Scheepvaart.
Source of heading or term gtt
Topical term or geographic name entry element Navigatie.
Source of heading or term gtt
Topical term or geographic name entry element Radar.
Source of heading or term gtt
653 ## - INDEX TERM--UNCONTROLLED
Uncontrolled term Ships
-- Automatic radar plotting aids
-- Use
700 1# - ADDED ENTRY--PERSONAL NAME
Personal name Dineley, W. O.
776 08 - ADDITIONAL PHYSICAL FORM ENTRY
Relationship information Print version:
Main entry heading Bole, A.G. (Alan G.).
Title Radar and ARPA manual.
Place, publisher, and date of publication Oxford : Heinemann Newnes, 1990
Record control number (DLC) 90213384
-- (OCoLC)24219383
856 40 - ELECTRONIC LOCATION AND ACCESS
Materials specified ScienceDirect
Uniform Resource Identifier <a href="https://www.sciencedirect.com/science/book/9780434901180">https://www.sciencedirect.com/science/book/9780434901180</a>
942 ## - ADDED ENTRY ELEMENTS (KOHA)
Source of classification or shelving scheme
Koha item type E-Book

No items available.

Designed and Maintained by IMU-KC Library, Kolkata Campus © Copyright All Rights Reserved

webs counters

Powered by Koha